[Event "CrunchLab Masters Div 2 W"]
[Site "chess.com INT"]
[Date "2024.07.19"]
[Round "1.3"]
[White "Oparin, Grigoriy"]
[Black "Karthikeyan, Murali"]
[Result "1/2-1/2"]
[WhiteTitle "GM"]
[BlackTitle "GM"]
[WhiteElo "2662"]
[BlackElo "2627"]
[WhiteFideId "24125890"]
[BlackFideId "5074452"]
[EventDate "2024.07.19"]
[EventType "k.o."]

1. Nf3 Nf6 2. c4 e6 3. g3 d5 4. Bg2 Be7 5. O-O O-O 6. b3 d4 7. e3 Nc6 8. exd4
Nxd4 9. Bb2 Bc5 10. Nc3 Nxf3+ 11. Qxf3 Bd4 12. Ba3 Re8 13. Rae1 e5 14. Nb5 e4
15. Qd1 Be5 16. Nc3 Bg4 17. Qc2 Bf3 18. Nxe4 Nxe4 19. Bxf3 Nxd2 20. Bxb7 Nxf1
21. Bxa8 Qxa8 22. Rxf1 Bd4 23. Bb2 Bxb2 24. Qxb2 h5 25. h4 Qf3 26. Qd4 a6 27.
Qd7 Re2 28. Qc8+ Kh7 29. Qxa6 c6 30. Qa5 Re4 31. Qc7 Re2 32. a4 Rb2 33. a5 Rxb3
34. a6 Ra3 35. a7 Ra2 36. Qb7 Qa3 37. Qxf7 Qc5 38. Re1 Rxa7 39. Qf4 Re7 40. Rxe7
Qxe7 41. Qf5+ g6 42. Qf4 Kg7 43. Qd4+ Qf6 44. Qd7+ Kh6 45. Kg2 c5 46. Qd5 Qe7
47. Qd3 Kg7 48. Qf3 Qd6 49. Qe4 Kh7 50. Qd5 Qe7 51. Kf3 Kg7 52. Kf4 Qf6+ 53. Ke3
Qe7+ 54. Kd3 Qa7 55. Qe5+ Kh7 56. Ke4 Qb7+ 57. Ke3 Qb3+ 58. Kd2 Qxc4 59. Qe7+
Kg8 60. Qe8+ Kg7 61. Qe7+ Kg8 62. Qe8+ Kg7 63. Qe7+ Kg8 1/2-1/2

[Event "CrunchLab Masters Div 2 W"]
[Site "chess.com INT"]
[Date "2024.07.19"]
[Round "1.3"]
[White "Svane, Frederik"]
[Black "Kramnik, Vladimir"]
[Result "1-0"]
[WhiteTitle "GM"]
[BlackTitle "GM"]
[WhiteElo "2636"]
[BlackElo "2753"]
[WhiteFideId "12923044"]
[BlackFideId "4101588"]
[EventDate "2024.07.19"]
[EventType "k.o."]

1. e4 e6 2. d4 d5 3. Nc3 Nf6 4. e5 Nfd7 5. f4 c5 6. Nf3 Nc6 7. Be3 cxd4 8. Nxd4
Bc5 9. Qd2 Bxd4 10. Bxd4 Nxd4 11. Qxd4 Qb6 12. Nb5 Qxd4 13. Nxd4 Ke7 14. h4 Nb8
15. O-O-O Nc6 16. Rh3 Nxd4 17. Rxd4 Bd7 18. Kd2 Rhc8 19. h5 Rc7 20. Bd3 h6 21.
Rg3 Kf8 22. Rf3 a6 23. f5 exf5 24. Bxf5 Bxf5 25. Rxf5 Ke7 26. Rf3 Ke6 27. Rg4
Rg8 28. Rfg3 Kxe5 29. Rxg7 Rxg7 30. Rxg7 Kf6 31. Rg8 Rc6 32. Rd8 Rb6 33. b3 Kg5
34. Rxd5+ Kg4 35. c4 Rf6 36. Rd7 b6 37. Ke3 Kg3 38. b4 Kxg2 39. c5 bxc5 40. bxc5
Rf3+ 41. Kd4 Rf1 42. c6 Rc1 43. c7 f6 44. Kd5 Kg3 45. Kd6 f5 46. Rd8 1-0

[Event "CrunchLab Masters Div 2 W"]
[Site "chess.com INT"]
[Date "2024.07.19"]
[Round "1.4"]
[White "Grischuk, Alexander"]
[Black "Matlakov, Maxim"]
[Result "1-0"]
[WhiteTitle "GM"]
[BlackTitle "GM"]
[WhiteElo "2708"]
[BlackElo "2651"]
[WhiteFideId "4126025"]
[BlackFideId "4168003"]
[EventDate "2024.07.19"]
[EventType "k.o."]

1. d4 Nf6 2. Bf4 d5 3. e3 c5 4. Nf3 Nc6 5. Nbd2 Nh5 6. dxc5 Nxf4 7. exf4 a5 8.
Bb5 e6 9. a4 Bxc5 10. Nb3 Be7 11. O-O O-O 12. Re1 Bf6 13. c3 Qb6 14. h4 Rd8 15.
h5 Bd7 16. Qc2 h6 17. Rad1 Rac8 18. Qe2 Na7 19. Bxd7 Rxd7 20. Nbd4 Nc6 21. Nb5
Na7 22. Nxa7 Qxa7 23. g4 Qa6 24. Qxa6 bxa6 25. g5 hxg5 26. fxg5 Be7 27. Ne5 Rb7
28. g6 fxg6 29. Nxg6 Kf7 30. Ne5+ Ke8 31. Re2 Bf6 32. Ng6 Kf7 33. Nf4 Rc6 34.
Rd3 Rbb6 35. Rf3 Rc4 36. Kf1 Rxa4 37. h6 gxh6 38. Nh5 e5 39. Rxe5 Kg6 40. Rxd5
Bg5 41. Ng3 Rf4 42. Rxf4 Bxf4 43. Ne2 Bg5 44. Rxa5 Rxb2 45. Rxa6+ Kf5 46. Ra4
Bf6 47. Rf4+ Kg6 48. Rg4+ Kf5 49. Rf4+ Kg6 50. Rc4 Rc2 51. Rc6 Kg5 52. Ng3 Be5
53. Rc5 Kf6 54. f4 Bb8 55. Ne4+ Ke7 56. f5 Rb2 57. Rc6 h5 58. f6+ Ke8 59. Re6+
Kd7 60. f7 Rb1+ 61. Ke2 Rb2+ 62. Kd3 1-0

[Event "CrunchLab Masters Div 2 W"]
[Site "chess.com INT"]
[Date "2024.07.19"]
[Round "1.4"]
[White "Kramnik, Vladimir"]
[Black "Svane, Frederik"]
[Result "1-0"]
[WhiteTitle "GM"]
[BlackTitle "GM"]
[WhiteElo "2753"]
[BlackElo "2636"]
[WhiteFideId "4101588"]
[BlackFideId "12923044"]
[EventDate "2024.07.19"]
[EventType "k.o."]

1. Nf3 d5 2. g3 Nf6 3. Bg2 e6 4. O-O Be7 5. d3 O-O 6. Re1 Nc6 7. d4 a5 8. Nc3
Ne4 9. Bf4 Nxc3 10. bxc3 b5 11. e4 Ba6 12. Ne5 Nxe5 13. Bxe5 c6 14. Qg4 Bf6 15.
Bf4 Re8 16. e5 Be7 17. h4 Kh8 18. Re3 b4 19. Bg5 h6 20. Bf4 c5 21. Qh5 Kg8 22.
Rae1 Bf8 23. dxc5 Rc8 24. cxb4 axb4 25. Qg4 Kh8 26. Rf3 Rxc5 27. Be3 d4 28. Bxd4
Rc4 29. Rf4 Qc7 30. Bf1 Rc6 31. Qf3 Kg8 32. Bxa6 Rxa6 33. Rg4 Qxc2 34. Be3 Qh7
35. Rc1 Raa8 36. Rc7 Qf5 37. Rf4 Qb1+ 38. Kh2 Rxa2 39. Rcxf7 Ra1 40. Rxf8+ Rxf8
41. Rxf8+ Kh7 42. Rf7 Qg6 43. Qf6 Qg4 44. Qf4 Qg6 45. Rb7 b3 46. Rxb3 Rd1 47.
Rb7 Ra1 48. Re7 1-0

[Event "CrunchLab Masters Div 2 W"]
[Site "chess.com INT"]
[Date "2024.07.19"]
[Round "1.4"]
[White "Le, Tuan Minh"]
[Black "Fedoseev, Vladimir3"]
[Result "0-1"]
[WhiteTitle "GM"]
[BlackTitle "GM"]
[WhiteElo "2568"]
[BlackElo "2687"]
[WhiteFideId "12401153"]
[BlackFideId "24130737"]
[EventDate "2024.07.19"]
[EventType "k.o."]

1. d4 Nf6 2. c4 e6 3. Nc3 Bb4 4. e3 O-O 5. Bd2 Re8 6. Nf3 d5 7. Rc1 Nbd7 8. Be2
dxc4 9. Bxc4 a6 10. O-O b5 11. Bd3 Bb7 12. Ne4 Bxd2 13. Nxf6+ Nxf6 14. Qxd2 Bxf3
15. gxf3 e5 16. dxe5 Rxe5 17. Rfd1 Rg5+ 18. Kh1 Qc8 19. e4 Rh5 20. Qf4 c5 21. e5
Qc7 22. Bf5 g6 23. Be4 Nxe4 24. Qxe4 Rd8 25. f4 Kg7 26. b3 Qe7 27. Rxd8 Qxd8 28.
Qe3 Qd5+ 29. Kg1 c4 30. bxc4 bxc4 31. h3 Rf5 32. Kh2 h6 33. Re1 g5 34. fxg5 hxg5
35. Qg3 Qd2 36. Rf1 c3 37. e6 fxe6 38. Qc7+ Kg6 39. Kg1 c2 40. Qc8 Kg7 41. Qc7+
Rf7 42. Qe5+ Kg8 43. Qc5 Kh7 44. Qc4 Rxf2 45. Qe4+ Rf5 46. Rxf5 exf5 47. Qe7+
Kg6 48. Qe8+ Kf6 49. Qf8+ Ke5 50. Qc5+ Ke4 51. Qc4+ Qd4+ 0-1

[Event "CrunchLab Masters Div 2 W"]
[Site "chess.com INT"]
[Date "2024.07.19"]
[Round "1.4"]
[White "Pichot, Alan"]
[Black "Moussard, Jules"]
[Result "0-1"]
[WhiteTitle "GM"]
[BlackTitle "GM"]
[WhiteElo "2647"]
[BlackElo "2590"]
[WhiteFideId "110973"]
[BlackFideId "642908"]
[EventDate "2024.07.19"]
[EventType "k.o."]

1. e4 e6 2. d4 d5 3. Nc3 Nf6 4. e5 Nfd7 5. Nce2 c5 6. c3 Nc6 7. Nf3 Be7 8. a3 a5
9. Nf4 Qb6 10. h4 a4 11. Be2 Qa5 12. O-O b6 13. Ng5 Bxg5 14. hxg5 Ba6 15. Be3
Bxe2 16. Qxe2 Qa6 17. Qg4 Qc4 18. Nxe6 fxe6 19. Qxe6+ Ne7 20. g6 Nf8 21. Qh3
cxd4 22. Bxd4 Qc8 23. g4 h5 24. f4 Rh6 25. f5 hxg4 26. Qd3 Rh3 27. Qb5+ Qc6 28.
Qe2 Rg3+ 29. Kh2 Qc4 30. Qxc4 Rh3+ 31. Kg2 dxc4 32. f6 Nfxg6 33. fxe7 Kxe7 34.
Rh1 Nf4+ 35. Kf2 Rf3+ 36. Ke1 g3 37. Kd2 g2 38. Rhg1 Rd8 39. Rae1 Ke6 40. Kc2
Rg3 41. Bxb6 Rdd3 42. Bf2 Rg4 43. Re4 Rf3 44. Ba7 Rgg3 45. Rxc4 Nh3 46. Rc6+ Kd7
47. Rd6+ Ke8 48. Rgd1 g1=Q 49. Bxg1 Nxg1 50. e6 Rf2+ 51. Kc1 Ne2+ 52. Kb1 Rg1
53. Rxg1 Nxg1 54. Rd7 g5 55. Rg7 Nf3 56. Kc1 Re2 57. c4 Rxe6 58. Kc2 Kf8 59. Rh7
g4 60. Kd3 g3 61. Rh3 Rg6 62. Ke3 g2 0-1

[Event "CrunchLab Masters Div 2 W"]
[Site "chess.com INT"]
[Date "2024.07.19"]
[Round "1.5"]
[White "Kramnik, Vladimir"]
[Black "Svane, Frederik"]
[Result "0-1"]
[WhiteTitle "GM"]
[BlackTitle "GM"]
[WhiteElo "2753"]
[BlackElo "2636"]
[WhiteFideId "4101588"]
[BlackFideId "12923044"]
[EventDate "2024.07.19"]
[EventType "k.o."]

1. d4 Nf6 2. Nf3 e6 3. e3 b6 4. Bd3 Bb7 5. O-O d5 6. b3 Be7 7. Bb2 O-O 8. c4
Nbd7 9. Nc3 c5 10. Qe2 dxc4 11. bxc4 cxd4 12. exd4 Re8 13. Rad1 Nf8 14. Ne5 Ng6
15. Qe3 Qc7 16. f4 Rad8 17. Kh1 Bb4 18. Ne2 Nh4 19. Rf2 Nf5 20. Qh3 Ne4 21. Rff1
Nd2 22. Rxd2 Bxd2 23. d5 b5 24. Nd4 bxc4 25. dxe6 fxe6 26. Nxf5 cxd3 27. Nh6+
gxh6 28. f5 exf5 29. Rxf5 Bg5 30. Qg3 d2 31. h4 d1=Q+ 32. Kh2 Qe2 33. Rf2 Qexe5 0-1

[Event "CrunchLab Masters Div 2 W"]
[Site "chess.com INT"]
[Date "2024.07.19"]
[Round "1.5"]
[White "Matlakov, Maxim"]
[Black "Grischuk, Alexander"]
[Result "0-1"]
[WhiteTitle "GM"]
[BlackTitle "GM"]
[WhiteElo "2651"]
[BlackElo "2708"]
[WhiteFideId "4168003"]
[BlackFideId "4126025"]
[EventDate "2024.07.19"]
[EventType "k.o."]

1. Nf3 d5 2. c4 e6 3. g3 dxc4 4. Bg2 a6 5. Qc2 b5 6. Ne5 Ra7 7. d3 cxd3 8. Nxd3
Bb7 9. Bxb7 Rxb7 10. O-O Nf6 11. Rd1 Qc8 12. Be3 c5 13. Bxc5 Nbd7 14. b4 Nxc5
15. bxc5 Rc7 16. Rc1 Bxc5 17. Nxc5 Nd7 18. Qb2 Rxc5 19. Rxc5 Qxc5 20. Qxg7 Qe5
21. Qxe5 Nxe5 22. Nd2 Ke7 23. Rc1 Rd8 24. Nb3 Nc4 25. e3 Rd5 26. Kg2 e5 27. e4
Rd3 28. f4 exf4 29. gxf4 a5 30. Ra1 Kd6 31. Kf2 a4 32. Ke2 Re3+ 0-1

[Event "CrunchLab Masters Div 2 W"]
[Site "chess.com INT"]
[Date "2024.07.20"]
[Round "2.1"]
[White "Moussard, Jules"]
[Black "Aronian, Levon"]
[Result "0-1"]
[WhiteTitle "GM"]
[BlackTitle "GM"]
[WhiteElo "2590"]
[BlackElo "2729"]
[WhiteFideId "642908"]
[BlackFideId "13300474"]
[EventDate "2024.07.19"]
[EventType "k.o."]

1. e4 e6 2. d4 d5 3. Nc3 Nf6 4. Bg5 dxe4 5. Nxe4 Be7 6. Bxf6 gxf6 7. Nf3 f5 8.
Nc3 a6 9. g3 b5 10. Bg2 Bb7 11. Qe2 Qd6 12. O-O-O b4 13. Na4 Nd7 14. Rhg1 Bd5
15. Ne1 Rd8 16. Kb1 Bxg2 17. Nxg2 Qc6 18. b3 Nf6 19. Ne3 Ne4 20. f3 Nd6 21. d5
Qb5 22. c4 bxc3 23. Nxc3 Qxe2 24. Nxe2 Bf6 25. Rc1 O-O 26. Rxc7 Nb5 27. Rc6 Na3+
28. Kc1 Rc8 29. g4 f4 30. g5 Bg7 31. Nxf4 Bd4 32. Re1 Rxc6+ 33. dxc6 Rc8 34. Kd2
Rxc6 35. Kd3 Rd6 36. Nc4 Nxc4 37. Kxc4 Bb6 38. Nd3 Rd4+ 39. Kc3 Rh4 40. Re2 Bd4+
41. Kc2 Bg1 42. b4 Bxh2 43. a4 Bd6 44. Kb3 Kg7 45. b5 axb5 46. axb5 Rd4 47. Kc3
Rd5 48. Rb2 Rxg5 49. b6 Ra5 50. b7 Bb8 51. Nb4 Rb5 52. Nd3 Rxb2 53. Kxb2 h5 54.
Kc2 h4 55. Kd2 h3 56. Ke2 h2 57. Nf2 Kf6 58. Nh1 Ke5 59. Ke3 f5 60. f4+ Kd5 61.
Kf3 Kc6 62. Kg3 Kxb7 63. Kxh2 Bxf4+ 64. Kg2 Kc6 65. Kf3 Be5 66. Nf2 Kd5 67. Nd3
Bd6 68. Nf2 e5 69. Ke2 e4 70. Nd1 Bc5 71. Nc3+ Ke5 72. Nd1 Bd4 0-1

[Event "CrunchLab Masters Div 2 W"]
[Site "chess.com INT"]
[Date "2024.07.20"]
[Round "2.1"]
[White "Svane, Frederik"]
[Black "Vidit, Santosh Gujrathi"]
[Result "0-1"]
[WhiteTitle "GM"]
[BlackTitle "GM"]
[WhiteElo "2636"]
[BlackElo "2720"]
[WhiteFideId "12923044"]
[BlackFideId "5029465"]
[EventDate "2024.07.19"]
[EventType "k.o."]

1. e4 e5 2. Nf3 Nc6 3. Bb5 Nf6 4. d3 Bc5 5. Bxc6 dxc6 6. O-O Qe7 7. Nbd2 Nd7 8.
Nc4 a5 9. a4 f6 10. Be3 Bxe3 11. Nxe3 Nc5 12. Nh4 g6 13. Nf3 b6 14. Qe1 Ne6 15.
Kh1 Bb7 16. Ng1 O-O-O 17. Ne2 Rhf8 18. b3 f5 19. Nc4 fxe4 20. dxe4 Ba6 21. Nxe5
Qc5 22. Nc4 Bxc4 23. bxc4 Qxc4 24. f3 Qxc2 25. Nc3 Nf4 26. Ra2 Qb3 27. Qa1 Rd3
28. Rc1 Rfd8 29. Rac2 Rd2 30. Rxd2 Rxd2 31. e5 Rxg2 0-1

[Event "CrunchLab Masters Div 2 W"]
[Site "chess.com INT"]
[Date "2024.07.20"]
[Round "2.2"]
[White "Aronian, Levon"]
[Black "Moussard, Jules"]
[Result "1/2-1/2"]
[WhiteTitle "GM"]
[BlackTitle "GM"]
[WhiteElo "2729"]
[BlackElo "2590"]
[WhiteFideId "13300474"]
[BlackFideId "642908"]
[EventDate "2024.07.19"]
[EventType "k.o."]

1. e4 c5 2. c3 Nf6 3. e5 Nd5 4. Nf3 Nc6 5. d4 cxd4 6. Bc4 Nb6 7. Bb3 d6 8. exd6
Qxd6 9. O-O Be6 10. Bxe6 Qxe6 11. Nxd4 Qd5 12. Nxc6 Qxc6 13. Nd2 e6 14. Nb3 Be7
15. Nd4 Qd5 16. a4 O-O 17. a5 Nc4 18. a6 bxa6 19. Rxa6 Qb7 20. Ra2 Bf6 21. Qf3
Rfb8 22. Rd1 a5 23. Qxb7 Rxb7 24. b3 Nb6 25. Bd2 Nd5 26. c4 Bxd4 27. cxd5 exd5
28. Rxa5 Rxa5 29. Bxa5 Rxb3 30. Be1 Bc3 31. Rxd5 h6 32. Rd1 Bxe1 33. Rxe1 1/2-1/2

[Event "CrunchLab Masters Div 2 W"]
[Site "chess.com INT"]
[Date "2024.07.20"]
[Round "2.2"]
[White "Vidit, Santosh Gujrathi"]
[Black "Svane, Frederik"]
[Result "1/2-1/2"]
[WhiteTitle "GM"]
[BlackTitle "GM"]
[WhiteElo "2720"]
[BlackElo "2636"]
[WhiteFideId "5029465"]
[BlackFideId "12923044"]
[EventDate "2024.07.19"]
[EventType "k.o."]

1. Nf3 d5 2. g3 Nf6 3. Bg2 e6 4. O-O Be7 5. d4 O-O 6. c4 dxc4 7. Qc2 a6 8. a4
Bd7 9. Qxc4 Bc6 10. Bg5 Nbd7 11. Nc3 a5 12. Rfe1 Bb4 13. e4 h6 14. Bxf6 Nxf6 15.
Ne5 Be8 16. Nd3 Be7 17. Rad1 c6 18. e5 Nd5 19. Qb3 b5 20. axb5 Rb8 21. Bxd5 cxd5
22. Nc5 Bxc5 23. dxc5 Qc7 24. Qa4 Qxc5 25. Qxa5 Bxb5 26. Rc1 Qb6 27. Qxb6 Rxb6
28. Nxb5 Rxb5 29. Rc2 Rfb8 30. Ree2 g5 31. Kg2 Kg7 32. g4 Rb4 33. h3 R8b7 34.
Rcd2 Kg6 35. f3 h5 36. Rc2 h4 37. Kf2 Rb3 38. Red2 R7b4 39. Re2 Kg7 40. Rcd2 f6
41. exf6+ Kxf6 42. Rc2 Rf4 43. Rc3 Rxc3 44. bxc3 Rc4 45. Re3 Ra4 46. Re2 Ra3 47.
Rc2 Ke5 48. Re2+ Kd6 49. Rc2 Kc5 50. Re2 Kd6 51. Rc2 Ra4 52. Rb2 Rc4 53. Rb3 Ke5
54. Ra3 Kf4 55. Rb3 Ke5 56. Ke2 Ra4 57. Ke3 Ra2 58. Rb8 Rc2 59. Kd3 Rh2 60. Ke3
Rxh3 61. Rg8 Kf6 62. Rf8+ Kg7 63. Re8 Kf7 64. Rh8 Rh1 65. Rh6 Kg7 66. Rh5 Kg6
67. Rh8 Re1+ 68. Kd2 Ra1 69. Ke3 Rh1 70. Rg8+ Kf6 71. Rh8 h3 72. Kf2 h2 73. Kg2
Rc1 74. Kxh2 Rxc3 75. Kg3 Rc2 76. Rf8+ Kg7 77. Re8 Kf7 78. Rd8 Re2 79. Ra8 d4
80. Ra5 d3 81. Ra7+ Kf6 82. Rd7 d2 83. Rd3 Ke7 84. Rd4 e5 85. Rd5 Ke6 86. Rd8
Ke7 87. Rd5 Kf6 88. Rd6+ Kf7 89. Rd7+ Ke6 90. Rd8 Re3 91. Kf2 Ra3 92. Rxd2 Ra4
93. Ke3 Ra3+ 94. Ke4 Ra4+ 95. Ke3 Ra3+ 96. Ke4 Ra4+ 97. Ke3 1/2-1/2

[Event "CrunchLab Masters Div 2 W"]
[Site "chess.com INT"]
[Date "2024.07.20"]
[Round "2.3"]
[White "Moussard, Jules"]
[Black "Aronian, Levon"]
[Result "1-0"]
[WhiteTitle "GM"]
[BlackTitle "GM"]
[WhiteElo "2590"]
[BlackElo "2729"]
[WhiteFideId "642908"]
[BlackFideId "13300474"]
[EventDate "2024.07.19"]
[EventType "k.o."]

1. e4 e6 2. d4 d5 3. Nc3 Nf6 4. Bg5 dxe4 5. Nxe4 Nbd7 6. Nf3 h6 7. Nxf6+ Nxf6 8.
Be3 Bd6 9. Bd3 O-O 10. Qe2 b6 11. O-O-O Bb7 12. Rhg1 Nd5 13. Bd2 Qf6 14. Qe4 Qg6
15. Qe1 Qf6 16. Be4 Bf4 17. Kb1 Bxd2 18. Rxd2 Rab8 19. Ne5 Rfd8 20. g3 c5 21. f4
cxd4 22. Rxd4 Qe7 23. Qd2 Nf6 24. Bxb7 Rxd4 25. Qxd4 Qxb7 26. Rd1 Rc8 27. a3 h5
28. Rd2 b5 29. h3 Qh1+ 30. Ka2 Qd5+ 31. Qxd5 Nxd5 32. f5 a5 33. fxe6 fxe6 34. a4
Nb4+ 35. Kb3 bxa4+ 36. Kxa4 Nxc2 37. Nd7 Ne3 38. Re2 Nd5 39. Rxe6 Rc2 40. Re5
Nf6 41. Nxf6+ gxf6 42. Rb5 Rg2 43. Rb3 h4 44. gxh4 Kf7 45. Kxa5 Kg6 46. Rb8 Rh2
47. b4 Rxh3 48. b5 Rxh4 49. b6 Rh1 50. Rg8+ Kf7 51. Rg4 Rh8 52. b7 f5 53. Rc4
Rb8 54. Kb6 Ke6 55. Rc5 Rf8 56. Rc8 1-0

[Event "CrunchLab Masters Div 2 W"]
[Site "chess.com INT"]
[Date "2024.07.20"]
[Round "2.3"]
[White "Svane, Frederik"]
[Black "Vidit, Santosh Gujrathi"]
[Result "0-1"]
[WhiteTitle "GM"]
[BlackTitle "GM"]
[WhiteElo "2636"]
[BlackElo "2720"]
[WhiteFideId "12923044"]
[BlackFideId "5029465"]
[EventDate "2024.07.19"]
[EventType "k.o."]

1. e4 e5 2. Nf3 Nc6 3. Bc4 Bc5 4. c3 Nf6 5. d3 d6 6. O-O O-O 7. Bg5 h6 8. Bh4 a6
9. Nbd2 Ba7 10. b4 g5 11. Bg3 Kg7 12. a4 Ne7 13. d4 Nh5 14. dxe5 Nxg3 15. hxg3
Ng6 16. exd6 Qxd6 17. Nd4 Bxd4 18. cxd4 Qxd4 19. Qc2 Ne5 20. Kh1 Bg4 21. f3 Nxc4
22. Nxc4 Be6 23. Rac1 Rad8 24. Rfd1 Qf6 25. Na5 Rxd1+ 26. Rxd1 b6 27. Nc6 h5 28.
Nd4 Qe5 29. Qc3 Kg6 30. Qe3 Qxg3 31. Ne2 Qe5 32. f4 gxf4 33. Nxf4+ Kh7 34. Nxe6
fxe6 35. Rd7+ Kg6 36. Kg1 h4 37. Qe2 Rf4 38. Rd8 Rxe4 0-1

[Event "CrunchLab Masters Div 2 W"]
[Site "chess.com INT"]
[Date "2024.07.20"]
[Round "2.4"]
[White "Aronian, Levon"]
[Black "Moussard, Jules"]
[Result "1/2-1/2"]
[WhiteTitle "GM"]
[BlackTitle "GM"]
[WhiteElo "2729"]
[BlackElo "2590"]
[WhiteFideId "13300474"]
[BlackFideId "642908"]
[EventDate "2024.07.19"]
[EventType "k.o."]

1. e4 c5 2. Nf3 d6 3. Bb5+ Bd7 4. c4 Nc6 5. Nc3 e5 6. d3 Nge7 7. a3 a6 8. Ba4 h6
9. Rb1 g6 10. b4 cxb4 11. axb4 Bg7 12. h3 O-O 13. O-O Nd4 14. Nxd4 exd4 15. Bxd7
dxc3 16. Ba4 Nc6 17. Bxc6 bxc6 18. Be3 d5 19. exd5 cxd5 20. d4 dxc4 21. Qc2 Qd5
22. Qxc3 Rfd8 23. Rfd1 Rab8 24. Ra1 Bf8 25. Rxa6 Bxb4 26. Qc2 Bf8 27. Bf4 Ra8
28. Rxa8 Rxa8 29. Rc1 Rc8 30. Qd2 Bg7 31. Bxh6 Bxh6 32. Qxh6 Qxd4 33. Qe3 Qxe3
34. fxe3 Kg7 35. Kf2 Kf6 36. Ke2 Ke5 37. h4 f5 38. Ra1 Rc6 39. Ra5+ Ke4 40. Ra4
f4 41. Ra3 Rb6 42. exf4 Rb2+ 43. Kd1 Rxg2 44. h5 gxh5 45. Rh3 Kd4 46. Rxh5 Kc3
47. Rc5 Kb4 48. Rc8 Kb3 49. f5 Rf2 50. Rb8+ Kc3 51. Rf8 Kd3 52. Rd8+ Kc3 53. Rf8
Kd3 54. Rd8+ Kc3 55. Rf8 1/2-1/2

[Event "CrunchLab Masters Div 2 W"]
[Site "chess.com INT"]
[Date "2024.07.20"]
[Round "2.5"]
[White "Moussard, Jules"]
[Black "Aronian, Levon"]
[Result "1-0"]
[WhiteTitle "GM"]
[BlackTitle "GM"]
[WhiteElo "2590"]
[BlackElo "2729"]
[WhiteFideId "642908"]
[BlackFideId "13300474"]
[EventDate "2024.07.19"]
[EventType "k.o."]

1. e4 e5 2. Nf3 Nc6 3. Bb5 Nf6 4. d3 Bc5 5. Bxc6 dxc6 6. O-O Bd6 7. h3 Qe7 8. a3
Be6 9. b4 a5 10. Bb2 axb4 11. axb4 Rxa1 12. Bxa1 Nd7 13. Nbd2 O-O 14. c3 Ra8 15.
Bb2 c5 16. b5 b6 17. c4 f6 18. Qc2 Nf8 19. Kh2 Bd7 20. g3 Ne6 21. Ra1 Rf8 22.
Ng1 f5 23. exf5 Nd4 24. Bxd4 exd4 25. Ne4 Bxf5 26. Re1 Qd7 27. Kg2 h6 28. Qe2
Be7 29. f4 Bd6 30. Nf2 Qf7 31. Nf3 Bd7 32. Qe4 Bf5 33. Qc6 Bd7 34. Qe4 Bf5 35.
Qe2 Kh8 36. Ng4 Ra8 37. Nge5 Qf6 38. g4 Bg6 39. f5 Be8 40. Qe4 Ra2+ 41. Kg1 Bxe5
42. Qxe5 Qxe5 43. Rxe5 Ra8 44. Re7 c6 45. bxc6 Bxc6 46. Ne5 Be8 47. h4 b5 48.
cxb5 Bxb5 49. Rc7 c4 50. dxc4 Ba4 51. Rc5 Bc2 52. Rd5 d3 53. Nxd3 Kg8 54. Kf2 h5
55. g5 Rc8 56. Ke3 Rxc4 57. Rd8+ Kf7 58. Ne5+ Ke7 59. Rd7+ Ke8 60. Nxc4 Kxd7 61.
Kf4 Ke7 62. Ne5 Bd3 63. Nxd3 1-0

[Event "CrunchLab Masters Div 2 W"]
[Site "chess.com INT"]
[Date "2024.07.21"]
[Round "3.1"]
[White "Fedoseev, Vladimir3"]
[Black "Vidit, Santosh Gujrathi"]
[Result "1-0"]
[WhiteTitle "GM"]
[BlackTitle "GM"]
[WhiteElo "2687"]
[BlackElo "2720"]
[WhiteFideId "24130737"]
[BlackFideId "5029465"]
[EventDate "2024.07.19"]
[EventType "k.o."]

1. d4 d5 2. Nf3 Nf6 3. c4 c6 4. e3 Bg4 5. h3 Bxf3 6. Qxf3 e6 7. Bd3 Bb4+ 8. Nd2
O-O 9. O-O Nbd7 10. Qe2 e5 11. cxd5 cxd5 12. dxe5 Nxe5 13. Nf3 Nxf3+ 14. Qxf3
Qe7 15. Rd1 Ne4 16. a3 Bd6 17. Bd2 Qe5 18. Rab1 Rfe8 19. g3 Re6 20. Bc3 Nxc3 21.
bxc3 Rf6 22. Qg4 Qxc3 23. Rxb7 g6 24. a4 a5 25. Qg5 Rd8 26. Rbb1 Qe5 27. Qxe5
Bxe5 28. Rb5 Bc3 29. Bc4 d4 30. Kg2 Kg7 31. e4 Rc6 32. Bd5 Rc7 33. h4 Rdc8 34.
g4 Rc5 35. Rb7 R5c7 36. Rb3 h6 37. g5 hxg5 38. hxg5 Rh8 39. f4 Bb4 40. Rb2 Rc5
41. Re2 Bc3 42. Kg3 Rc7 43. Rf2 Rb8 44. f5 Rb4 45. f6+ Kg8 46. Rh2 d3 47. Kf4
Rb2 48. Rxb2 Bxb2 49. Rxd3 Bc1+ 50. Kg4 Rc2 51. Rb3 Rg2+ 52. Kf3 Rb2 53. Rc3
Bxg5 54. Rc8+ Kh7 55. e5 Rb4 56. Bxf7 Rf4+ 57. Kg3 Rxa4 58. Bg8+ Kh6 59. f7 Be7
60. f8=Q+ Bxf8 61. Rxf8 Re4 62. e6 a4 63. Ra8 g5 64. Ra7 Kg6 65. Bh7+ 1-0

[Event "CrunchLab Masters Div 2 W"]
[Site "chess.com INT"]
[Date "2024.07.21"]
[Round "3.1"]
[White "Moussard, Jules"]
[Black "Grischuk, Alexander"]
[Result "1/2-1/2"]
[WhiteTitle "GM"]
[BlackTitle "GM"]
[WhiteElo "2590"]
[BlackElo "2708"]
[WhiteFideId "642908"]
[BlackFideId "4126025"]
[EventDate "2024.07.19"]
[EventType "k.o."]

1. c4 Nf6 2. Nc3 e5 3. Nf3 Nc6 4. g3 Bb4 5. Nd5 Bc5 6. Bg2 d6 7. O-O O-O 8. e3
Re8 9. a3 a5 10. Qc2 h6 11. b3 Be6 12. Nxf6+ Qxf6 13. Bb2 Ba7 14. d3 Qg6 15.
Rfe1 Qh5 16. Nd2 Bh3 17. Bh1 f5 18. b4 Kh8 19. Bc3 f4 20. Ne4 Rf8 21. b5 fxe3
22. fxe3 Nd8 23. Bg2 Ne6 24. Bxh3 Qxh3 25. Qg2 Qf5 26. Kh1 Qf3 27. Qxf3 Rxf3 28.
Bd2 Nc5 29. Nxc5 Bxc5 30. Kg2 Raf8 31. Rf1 Rxf1 32. Rxf1 Rxf1 33. Kxf1 a4 34.
Bc1 h5 35. Ke2 c6 36. Bb2 Kg8 37. d4 exd4 38. exd4 Bb6 39. bxc6 bxc6 40. d5 c5
41. Bc3 Kf7 42. Kf3 Bd8 43. Ke4 Bf6 44. Bxf6 Kxf6 45. Kf4 g5+ 46. Ke4 Kg6 47. h3
Kf6 48. g4 h4 49. Kf3 Kg6 50. Ke4 Kf6 51. Kf3 Kg6 52. Ke4 Kf6 1/2-1/2

[Event "CrunchLab Masters Div 2 W"]
[Site "chess.com INT"]
[Date "2024.07.21"]
[Round "3.1"]
[White "Vidit, Santosh Gujrathi"]
[Black "Fedoseev, Vladimir3"]
[Result "1-0"]
[WhiteTitle "GM"]
[BlackTitle "GM"]
[WhiteElo "2720"]
[BlackElo "2687"]
[WhiteFideId "5029465"]
[BlackFideId "24130737"]
[EventDate "2024.07.19"]
[EventType "k.o."]

1. e4 e5 2. Nf3 Nf6 3. Nxe5 d6 4. Nf3 Nxe4 5. d4 d5 6. Bd3 Bd6 7. O-O O-O 8. c4
c6 9. Re1 Bf5 10. Qb3 Qd7 11. Nc3 Nxc3 12. Bxf5 Qxf5 13. bxc3 b6 14. Nh4 Qh5 15.
g3 Rc8 16. c5 Bf8 17. cxb6 axb6 18. Qxb6 Nd7 19. Qb7 Nf6 20. Kg2 Ne4 21. f3 Nd6
22. Qd7 f6 23. Bf4 Qf7 24. Qxf7+ Kxf7 25. Bxd6 Bxd6 26. Nf5 Bf8 27. a4 Rcb8 28.
Re2 Rb3 29. Rc2 Ke6 30. Ne3 Bd6 31. Kf2 Kd7 32. Ke2 Bc7 33. Kd3 Ba5 34. Nf1 Kd6
35. Nd2 Rb7 36. Rcc1 Bd8 37. Ra2 g6 38. f4 Re7 39. Nb3 Bc7 40. a5 Rae8 41. Rd1
Re3+ 42. Kc2 Bb8 43. Nc5 Ba7 44. Nd3 h5 45. Rd2 h4 46. gxh4 Rh3 47. Rg2 Rxh4 48.
Rb2 Re7 49. a6 Rh6 50. Kb3 c5 51. dxc5+ Bxc5 52. Ka4 Be3 53. Rb5 g5 54. fxg5
fxg5 55. Nb4 Rh4 56. Rxd5+ Kc7 57. Kb5 Reh7 58. Re2 Ba7 59. Rxg5 Rh3 60. c4 R3h6
61. c5 Kd7 62. Rd5+ Kc7 63. Rde5 Kd7 64. Rd2+ Kc7 65. Nd5+ Kc8 66. Re8+ 1-0